當我想你時,全世界都救不了我

資料類型: Book 圖書   書目號:52942

Leader xxxxxxxxxx
001 __ PCLIS00052942
005 __ 20220611155222.0
010 0_ |a978-957-658-122-9|b平裝|dNT$340
042 __ |anbic
100 __ |a20190417d2019    m  y0chiy50      e
101 0_ |achi
102 __ |atw
105 __ |ay   z   000cy
200 1_ |a當我想你時,全世界都救不了我|f肆一著
210 __ |a臺北市|c三采文化|d2019[民108]
215 0_ |a[211]面|d20公分
225 1_ |a愛寫|v27
606 __ |2cst|a散文
700 _0 |a肆一|f1976- |4681 __ |a855|b852
801 _0 |atw|bLibDipper|c20190417|gCCR
801 _1 |atw|b內湖高中|c20190430|gCCR
801 _2 |atw|b內湖高中|c20220611|gCCR
  
詳細館藏(共 1 筆)
索 書 號登 錄 號冊次號館別 / 館藏地流通類型狀態加入預約清單電子資源
855 / 852 1025807  圖書館 / 一樓普通區 可外借30天 在館   

| 條列資料




目錄查詢 分類查詢 個人資料 圖書薦購 新書查詢 閉館日 排行榜 更多電子資源 Hami書城 線上資料庫 登出

From : 216.73.217.87

  本日流通累計至 00:41:40 借閱 : 0 次 續借 : 0 次 歸還 : 0 次 預約 : 0 次 電子資源 : 0 次


內湖高中圖書館  PCLIS 版本  26.5.0.12